LEADER 01095cam0-2200349---450- 001 990008584480403321 005 20100428114450.0 010 $a88-01-10137-6 035 $a000858448 035 $aFED01000858448 035 $a(Aleph)000858448FED01 035 $a000858448 100 $a20071119d1989----km-y0itay50------ba 101 1 $aita 102 $aIT 105 $aa-------001yy 200 1 $aAlbert Schweitzer$eil famoso scrittore e musicista che rinunciņ a una brillante carriera per diventare uno dei primi medici in Africa$fJames Bentley 210 $aLeumann [Rivoli]$cElle Di Ci$d©1989 215 $a63 p.$cill.$d22 cm 225 1 $aPersone che hanno aiutato il mondo 300 $aTrad. di Francesca Ricci 454 0$12001$aAlbert Schweitzer$934400 610 0 $aSchweitzer, Albert 676 $a610.92$v12$zita 700 1$aBentley,$bJames$f<1937-2000>$0320599 801 0$aIT$bUNINA$gREICAT$2UNIMARC 901 $aBK 912 $a990008584480403321 952 $aXIV E 3454$b13503$fFSPBC 959 $aFSPBC 996 $aAlbert Schweitzer$934400 997 $aUNINA LEADER 01776oam 2200505 450 001 9910711870503321 005 20190131094421.0 035 $a(CKB)5470000002487375 035 $a(OCoLC)954175265$z(OCoLC)959714182 035 $a(OCoLC)995470000002487375 035 $a(EXLCZ)995470000002487375 100 $a20160728d1907 ua 0 101 0 $aeng 135 $aur||||||||||| 181 $ctxt$2rdacontent 182 $cc$2rdamedia 183 $acr$2rdacarrier 200 10$aFlowing wells and municipal water supplies in the middle and northern portions of the southern peninsula of Michigan /$fby Frank Leverett and others 210 1$a[Washington, D.C.] :$cDepartment of the Interior, United States Geological Survey,$d1907. 210 2$aWashington :$cGovernment Printing Office. 215 $a1 online resource (393 pages, iii) $cillustrations, maps 225 1 $aWater-supply and irrigation paper ;$vno. 183 225 1 $aSeries O, underground waters ;$vno. 63 320 $aIncludes bibliographical references and index. 606 $aArtesian wells$zMichigan 606 $aWater-supply$zMichigan 606 $aArtesian wells$2fast 606 $aWater-supply$2fast 607 $aMichigan$2fast 615 0$aArtesian wells 615 0$aWater-supply 615 7$aArtesian wells. 615 7$aWater-supply. 700 $aLeverett$b Frank$f1859-1943,$01387343 712 02$aGeological Survey (U.S.), 801 0$bCOP 801 1$bCOP 801 2$bOCLCO 801 2$bOCLCF 801 2$bAERDC 801 2$bGPO 906 $aBOOK 912 $a9910711870503321 996 $aFlowing wells and municipal water supplies in the middle and northern portions of the southern peninsula of Michigan$93447010 997 $aUNINA